000 00499pab a2200181 454500
008 180718b2013 xxu||||| |||| 00| 0 eng d
100 _aAkthar, S.M. Jawed
245 _aReview of access of finance of MSMEs in India background and issues
260 _c2013
300 _ap.151-166.
362 _aJul
650 _aIndia - Small scale industries
650 _aSmall scale industry
700 _aAzeez, N.P. Abdul
773 _aIndian Journal of Economics
908 _aN
909 _a103203
999 _c103199
_d103199